Communications contextuelles

Odraz kultúry v komunikácii. Miesto kontextu v interkultúrnej komunikácii. Konflikty a nedorozumenia v komunikácii. Prispôsobenie sa kontextuálnej úrovni druhého.

Uložené v:
Podrobná bibliografia
Hlavný autor: Povchanič, Štefan
Médium: Kapitola
Jazyk:French
Predmet:
Tagy: Pridať tag
Žiadne tagy, Buďte prvý, kto otaguje tento záznam!

MARC

LEADER 00000naa$a2200000$$$4500
001 0105616
005 20240502072154.7
041 0 |a fre 
044 |a SK 
245 1 0 |a Communications contextuelles  |c Štefan Povchanič 
520 |a Odraz kultúry v komunikácii. Miesto kontextu v interkultúrnej komunikácii. Konflikty a nedorozumenia v komunikácii. Prispôsobenie sa kontextuálnej úrovni druhého. 
610 2 0 |a komunikácia 
610 2 0 |a konflikty 
610 2 0 |a kultúra 
100 1 |a Povchanič, Štefan